=LDR 00000nam 2200000 4500 =001 INLIS000000000010996 =005 20130612102614 =008 ***********************************Ind** =035 ##$$0010-061300000010996 =041 ##$$a Ind =082 ##$$a 664.5 =090 ##$$a 664.5, san-s =100 ##$$a Santoso, Heronyumas Budi =245 ##$$a Saus pisang, Heuronyumas Budi Santoso =260 ##$$a 1999 $b Yogyakarta =300 ##$$a 30 hlm., ilus, 30 =650 ##$$a Bibliografi Pangan =650 ##$$a Bumbu masakan =850 ##$$a NBPNMAT